[Event "Agneaux St Lo op 17th"]
[Site "Agneaux"]
[Date "2016.07.12"]
[Round "7.4"]
[White "Damen, Jip"]
[Black "Lemiere, Clement"]
[Result "1-0"]
[WhiteElo "1742"]
[BlackElo "1725"]
[PlyCount "113"]
[EventDate "2016.07.07"]
[EventType "swiss"]
[EventRounds "9"]
[EventCountry "FRA"]
[SourceTitle "EXT 2020"]
[Source "ChessBase"]
[SourceDate "2019.10.17"]
[SourceVersion "1"]
[SourceVersionDate "2019.10.17"]
[SourceQuality "1"]

1. e4 c6 2. d4 d5 3. Nc3 g6 4. e5 Bg7 5. Be3 Nh6 6. Qd2 Nf5 7. Bf4 h5 8. Nge2 f6 9. Ng3 0-0 10. Bd3 fxe5 11. dxe5 e6 12. Bxf5 exf5 13. Bh6 Be6 14. Nge2 Re8 15. Bxg7 Kxg7 16. f4 Qh4+ 17. g3 Qe7 18. Nd1 Nd7 19. Nf2 Nc5 20. Qb4 Rad8 21. Nd4 Ne4 22. Qxe7+ Rxe7 23. 0-0 Bd7 24. Nb3 b6 25. Rfd1 Bc8 26. c4 Bb7 27. cxd5 Rxd5 28. Nxe4 fxe4 29. Re1 c5 30. Rxe4 Kf7 31. Re2 Ke6 32. Kf2 Red7 33. Ke1 Rd3 34. Rd2 c4 35. Rxd3 Rxd3 36. Nd2 Kd5 37. Rc1 b5 38. Rc3 Kd4 39. Rxd3+ Kxd3 40. Kd1 Bc8 41. Kc1 Bg4 42. Nb1 b4 43. Nd2 Be6 44. Nf3 a5 45. Ng5 Bd7 46. e6 Be8 47. e7 a4 48. Ne6 b3 49. a3 c3 50. Nc7 cxb2+ 51. Kxb2 Bd7 52. e8Q Bxe8 53. Nxe8 Ke3 54. Ng7 Kf3 55. Nxh5 Kg4 56. Ng7 Kh3 57. f5 1-0

[Event "Agneaux St Lo U16 op 17th"]
[Site "Agneaux"]
[Date "2015.07.10"]
[Round "7"]
[White "Mas, Victor"]
[Black "Lemiere, Clement"]
[Result "1/2-1/2"]
[WhiteElo "1525"]
[BlackElo "1767"]
[PlyCount "125"]
[EventDate "2015.07.03"]
[EventType "swiss"]
[EventRounds "9"]
[EventCountry "FRA"]
[SourceTitle "EXT 2016"]
[Source "ChessBase"]
[SourceDate "2015.10.08"]
[SourceVersion "1"]
[SourceVersionDate "2015.10.08"]
[SourceQuality "1"]

1. d4 d5 2. c4 c6 3. Nf3 g6 4. g3 Bg7 5. cxd5 cxd5 6. Bg2 Nf6 7. 0-0 0-0 8. Nc3 b6 9. Bf4 Bb7 10. Nb5 Nc6 11. Rc1 a6 12. Ne5 Na5 13. Na3 Rc8 14. b4 Nc6 15. b5 Na5 16. Qd3 axb5 17. Nxb5 Ba6 18. a4 Nh5 19. Rxc8 Qxc8 20. Bxd5 Nxf4 21. gxf4 Bxe5 22. dxe5 Qg4+ 23. Qg3 Qxe2 24. f5 Qh5 25. fxg6 Qxg6 26. Qxg6+ hxg6 27. f4 Rd8 28. Rd1 e6 29. Bf3 Rxd1+ 30. Bxd1 Bxb5 31. axb5 Kg7 32. Kf2 Nc4 33. Be2 Nb2 34. Ke3 Na4 35. h4 Kh6 36. Bf3 Nc3 37. Bc6 Nd1+ 38. Ke2 Nc3+ 39. Kd2 Na4 40. Be8 Kg7 41. Ke3 Nc5 42. Kd4 Nb3+ 43. Kc3 Nc1 44. Kd2 Nb3+ 45. Kc3 Nc5 46. Kd4 Nb7 47. Ke3 f6 48. h5 gxh5 49. Bxh5 Nc5 50. exf6+ Kxf6 51. Bg4 e5 52. fxe5+ Kxe5 53. Bf3 Nb3 54. Bc6 Kd6 55. Kd3 Kc5 56. Kc3 Nd4 57. Kd3 Nxb5 58. Be8 Nd4 59. Kc3 Ne6 60. Kb3 Nc7 61. Bd7 Kd6 62. Ba4 Ne6 63. Be8 1/2-1/2